Trailer Park Boys Characters by Picture - Statistics

General Stats
  • This quiz has been taken 52 times
  • The average score is 15 of 16
Answer Stats
Picture Answer % Correct
Ricky
100%
Bubbles
98%
Cory
98%
Jim Lahey
98%
Julian
98%
T
98%
Trevor
98%
J-Roc
95%
Randy
95%
Barbara Lahey
93%
Cyrus
93%
Lucy
93%
Ray
85%
Sarah
83%
Trinity
83%
Jacob Collins
80%
No matching quizzes found
Score Distribution
Percent of People with Each Score
Percentile by Number Answered
Your Score History
You have not taken this quiz